Estadísticas para Jugadores míticos (Que no famosos) de LaLiga #5

Haz click aquí para intentar la prueba.

Estadísticas generales

  • Esta prueba ha sido intentada 121 veces
    (118 desde el último reinicio)
  • La puntuación promedio es 13 de 24

Estadísticas de respuestas

Respuesta% Correcto
Reyes
95%
Deulofeu
93%
Hugo Mallo
86%
Rami
85%
Medel
84%
Inui
80%
Demichelis
79%
Nino
68%
De La Bella
64%
Diego
58%
Agirretxe
56%
Rubén Pardo
53%
Dani Benitez
45%
Ighalo
45%
Cani
44%
Fabricio
39%
Amorebieta
34%
Amaya
32%
Aouate
31%
Javi Guerra
22%
Juankar
21%
Verza
21%
Dorado
16%
Sisi
10%

Distribución de puntuación

Porcentaje por número respondido

Porcentaje de gente con cada puntuación

Historial de tus puntuaciones

No has intentado esta prueba desde el último reinicio